Statistics for Clarity - Zedd ft. Foxes (All Lyrics)

Click here to take the quiz!

General Stats

  • This quiz has been taken 338 times
  • The average score is 179 of 242

Answer Stats

Lyrics% Correct
I
98%
A
96%
a
96%
clarity?
96%
you.
96%
you
96%
are
95%
my
95%
If
92%
why.
92%
Why
92%
why
92%
love
90%
love's
90%
in
89%
is
86%
our
86%
the
84%
me
82%
remedy?
81%
and
80%
don't
79%
Don't
79%
of
79%
know
78%
need.
78%
tragedy,
77%
didn't
75%
piece
75%
insanity,
74%
wish
74%
to
72%
we
71%
'cause
70%
'Cause
70%
still
69%
Still
69%
Chasing
66%
It
66%
it
66%
relentlessly.
65%
frozen
64%
back
63%
into
61%
life.
61%
dive
60%
time.
60%
every
59%
your
59%
this
58%
was
58%
both
57%
how
56%
comes
55%
where
55%
Fight
53%
fight
53%
for
53%
past
53%
waves,
53%
worth
53%
High
51%
right
51%
ends.
50%
selfish
49%
again.
48%
crash,
48%
before
47%
pain.
47%
drown
46%
I'll
46%
Hold
45%
too
45%
deep
44%
what
44%
fall
43%
then
43%
as
42%
breaks
42%
all
41%
clock
41%
glass
41%
we'll
41%
on
40%
make
39%
push
39%
ticks,
39%
fear
38%
try
38%
leave,
37%
pull,
37%
till
36%
choose.
35%
us
35%
common
34%
parade
34%
red
34%
sense.
34%
through
34%
refuse
33%
speak
33%
Walk
33%
forget
32%
cuts
30%
amends.
29%
makes
29%
ground
26%

Score Distribution

Percentile by Number Answered

Percent of People with Each Score

Your Score History

You have not taken this quiz